000 01892cam a2200133 4500500
005 20251012001627.0
041 _afre
042 _adc
100 1 0 _aLazzarotti, Olivier
_eauthor
245 0 0 _aDes lieux pour mémoires : Monuments, patrimoines et mémoires-Monde
260 _bArmand Colin,
_c2012.
520 _aI, II, III… Lascaux. Lascaux, grotte ornée des premiers millénaires ; Lascaux, grotte fréquentée des années 1950 ; Lascaux des années 1980, reproduite pour être visitée ; Lascaux coquille déplacée des années 2010 et, génie sans fin, Lascaux IV, trou à creuser pour le décorer en grotte, à quelques mètres du premier sanctuaire.Lascaux, donc, fil conducteur d’une réflexion qui analyse, de Noyon la fière à Québec la Romantique, de Victor Hugo à Frederick Law Olmsted, les manières, différentes bien que souvent confondues, d’inscrire la mémoire dans les lieux. Des monuments aux patrimoines: géo–graphies.Dès lors, ne nous y trompons pas. Comme dans les années 1830, comme dans les années 1960, en ce début des années 2010, avec hier, c’est encore demain qui est en jeu. Du très culturel South Bank londonien aux vertigineuses cimes de Dubaï, le Monde se construit maintenant au métronome des «mémoires-Monde». Participant à la singularisation des lieux, elles réfléchissent aussi un modèle d’enrichissement et sa norme politique. Et soudain, peut-être renforcé par l’aggravation des difficultés économiques, le doute: construire ainsi son futur, n’est-ce pas, du coup, priver le Monde de ses avenirs ?Olivier Lazzarotti est professeur de géographie à l’université de Picardie- Jules-Verne d’Amiens où il dirige l’équipe «Habiter le Monde».
856 4 1 _uhttps://shs.cairn.info/des-lieux-pour-memoires--9782200277659?lang=fr&redirect-ssocas=7080
999 _c1512700
_d1512700